• 首页
  • 本馆介绍
  • 公告通知
  • 最新文献
  • 馆藏检索
  • 电子资源
  • 读者导购
  • 参考咨询
  • 我的图书馆
  • 登录
  • 详细信息显示
  • 放入我的书架
  • 预约/预借图书
  • 作者相关作品
  • 分类相关作品
  • 丛书相关作品
  • 出版社相关作品

书目信息

  • 表格格式
  • 工作单格式
  • 卡片格式
题名:
康雍乾时期城乡人民反对斗争资料
    
 
作者: ;中国人民大学 编
分册: 下  
出版信息: 北京   中华书局  1979.3
页数: 520-895页
开本: 20cm
丛书名:
单 册:
中图分类: K249.1
科图分类:
主题词: 中国--历史
电子资源:
ISBN:
000 00602nam0 2200193 45
001 0312221749
005 20070731092050.65
010    @dCNY3.20
091    @a11018.758
100    @a20031222d1979 km y0chiy0120 ea
101    @achi
200 1  @a康雍乾时期城乡人民反对斗争资料@h下@AKang Yong Qian Shi Qi Cheng Xiang Ren Min Fan Dui Dou Zheng Zi Liao@f中国人民大学编@FZhong Guo Ren Min Da Xue Bian
210    @a北京@c中华书局@d1979.3
215    @a520-895页@d20cm
606 0  @a中国@x历史
690    @aK249.1@v3
711 02 @a中国人民大学@4编
801    @aCN@bTSTCL@c20070731
905    @dK249.1@e39:2@f1@b176224
    
    康雍乾时期城乡人民反对斗争资料.下/中国人民大学编.-北京:中华书局,1979.3
    520-895页;20cm
    
    
    ISBN :CNY3.20
    
●
相关链接 在E读中查询图书 在五车中查询图书 在当当中查询图书 在豆瓣中查询图书


正题名:康雍乾时期城乡人民反对斗争资料     索取号:K249.1/39:2         预约/预借

序号 登录号 条形码 馆藏地/架位号 状态 备注
1 0176224   000803278   第二借阅区/ [索取号:K249.1/39:2] 在馆    
2 0176225   000803269   第二样本阅览室/ [索取号:K249.1/39:2] 在馆    
3 0422428   204224286   密集书库/ [索取号:K249.1/39:2] 在馆    
4 0422429   204224295   密集书库/ [索取号:K249.1/39:2] 在馆    
5 0462752   204627528   密集书库/ [索取号:K249.1/39:2] 在馆    
6 0787081   207870810   密集书库/ [索取号:K249.1/39:2] 在馆    
唐山师范学院图书馆 欢迎您!
大连网信软件有限公司© 版权所有